Tilastot visalle Vantaan kaupunginosat ruotsista suomeksi

Klikkaa tästä pelataksesi tätä visaa!

Yleistilastot

  • Tätä visaa on pelattu 54 kertaa
  • Keskiarvotulos 38 / 68

Vastaustilastot

SuuralueSuuralueen nimikaupunginosastadsdel% Oikein
1Myyrmäki{Myyrmäen} suuralueMyrbacka storområde
93%
1MyyrmäkiMyyrmäkiMyrbacka
93%
2KivistöKivistöKivistö
91%
2Kivistö{Kivistön} suuralueKivistö storområde
91%
4TikkurilaTikkurilaDickursby
91%
4Tikkurila{Tikkurilan} suuralueDickursby storområde
91%
6KorsoKorsoKorso
89%
6
Korso
{Korson} suuralueKorso storområde
89%
1MyyrmäkiPetikkoPetikko
89%
1MyyrmäkiMartinlaaksoMårtensdal
86%
5KoivukyläKoivukyläBjörkby
84%
5Koivukylä{Koivukylän} suuralueBjörkby storområde
84%
6KorsoMikkolaMikkola
84%
1MyyrmäkiVaristoVaristorna
84%
5KoivukyläHavukoskiHavukoski
82%
6KorsoJokivarsiJokivarsi
82%
1MyyrmäkiVantaanlaaksoVandadalen
80%
6KorsoVierumäkiVierumäki
80%
1MyyrmäkiAskistoAskis
77%
5KoivukyläAsolaAsola
77%
7HakunilaHakunilaHåkansböle
75%
7Hakunila{Hakunilan} suuralueHåkansböle storområde
75%
1MyyrmäkiHämeenkyläTavastby
73%
4TikkurilaHiekkaharjuSandkulla
68%
3AviapolisLentokenttäFlygfältet
68%
4TikkurilaHakkilaHaxböle
66%
4TikkurilaHelsingin pitäjän kirkonkyläHelsinge kyrkoby
66%
7HakunilaKuninkaanmäkiKungsbacka
66%
3AviapolisVeromiesSkattmans
66%
3Aviapolis{Aviapoliksen} suuralueAviapolis storområde
64%
4TikkurilaSimonkyläSimonsböle
64%
3AviapolisViinikkalaVinikby
64%
7HakunilaItä-HakkilaÖstra Haxböle
61%
5KoivukyläIlolaGladas
59%
4TikkurilaKoivuhakaBjörkhagen
59%
7HakunilaSotunkiSottungsby
59%
3AviapolisPakkalaBackas
57%
4TikkurilaJokiniemiÅnäs
55%
5KoivukyläRekolaRäckhals
55%
1MyyrmäkiLinnainenLinnais
52%
6KorsoMatariMatar
50%
3AviapolisTammistoRosendal
50%
2KivistöKiilaKila
45%
7HakunilaLänsimäkiVästerkulla
45%
4TikkurilaRuskeasantaRödsand
43%
1MyyrmäkiVapaalaFriherrs
43%
3AviapolisYlästöÖvitsböle
41%
2KivistöLapinkyläLappböle
39%
1MyyrmäkiKaivokselaGruvsta
32%
7HakunilaVaaralaFagersta
32%
5KoivukyläPäiväkumpuLövkulla
30%
4TikkurilaViertolaBäckby
27%
6KorsoLeppäkorpiAlkärr
25%
6KorsoNikinmäkiNissbacka
25%
7HakunilaRajakyläRåby
25%
4TikkurilaKuninkaalaFastböle
23%
2KivistöPiispankyläBiskopsböle
23%
2KivistöRiipiläRipuby
23%
2KivistöVestraVästra
23%
1MyyrmäkiHämevaaraTavastberga
20%
2KivistöKeimolaKäinby
20%
6KorsoMetsolaSkogsbrinken
20%
2KivistöMyllymäkiKvarnbacka
20%
7HakunilaLänsisalmiVästersundom
18%
2KivistöLuhtaanmäkiLuhtabacka
18%
2KivistöSeutulaSjöskog
18%
7HakunilaOjankoGjutan
7%
6KorsoVallinojaFallbäcken
7%

Tulosjakauma

Persentiili vastausten määrän mukaan

Jokaisen tuloksen saaneiden osuus

Tuloshistoriasi

Et ole pelannut tätä visaa